000 00802nam a2200241 a 4500
001 000033091
003 DO-SdBNP
005 20250227073854.0
007 ta
008 091106s1994 dr 001 j spa d
040 _aDO-SdBNP
_bspa
_cBNPHU
082 4 _aRD863.44
_bD542c, 1994
_222
100 1 _aDíaz Grullón, Virgilio,
_d1924-2001
_9501
245 1 0 _aCrónicas de Altocerro :
_bcuentos /
_cVirgilio Díaz Grullón ; prólogo José Alcántara Almánzar.
260 _aSanto Domingo :
_bAlfa & Omega,
_c1994.
300 _a102 p. ;
_c23 cm.
590 _aInventariado, 2020 /LP
650 0 _aCuentos dominicanos
_9176
650 0 _aLiteratura dominicana.
_967
700 1 _aAlcántara Almánzar, José
_d1946-
_epról.
_97018
910 _aValidado. Control de calidad MMOLINA
942 _2ddc
_cLBS1
999 _c32582
_d32582